BMI compares cost of teaching space (Record no. 71917)

MARC details
000 -LEADER
fixed length control field 00839cam a2200193 4500
001 - CONTROL NUMBER
control field WB3902-04
008 - FIXED-LENGTH DATA ELEMENTS--GENERAL INFORMATION
fixed length control field 030115n2003 000 0 eng u
035 ## - SYSTEM CONTROL NUMBER
System control number (Sirsi) u121020
245 ## - TITLE STATEMENT
Title BMI compares cost of teaching space
260 ## - PUBLICATION, DISTRIBUTION, ETC.
Date of publication, distribution, etc. 2003
490 ## - SERIES STATEMENT
Series statement BMI Press Release
Volume/sequential designation January 2003, (2)
520 ## - SUMMARY, ETC.
Summary, etc. Building Maintenance Information (BMI) has published a report highlighting costs to universities of up to £6 000 per year per 100sq m for the space used for teaching. The BMI "Special report 317 - occupancy costs of university teaching blocks" is available as part of the BMI subscription service: individual copies cost £50.
590 ## - LOCAL NOTE (RLIN)
Local note WB
650 ## - SUBJECT ADDED ENTRY--TOPICAL TERM
Topical term or geographic name entry element BUILT ENVIRONMENT-BUILDING MAINTENANCE AND REFURBISHMENT
650 ## - SUBJECT ADDED ENTRY--TOPICAL TERM
Topical term or geographic name entry element UNIVERSITIES
650 ## - SUBJECT ADDED ENTRY--TOPICAL TERM
Topical term or geographic name entry element OCCUPANCY COSTS
690 ## - LOCAL SUBJECT ADDED ENTRY--TOPICAL TERM (OCLC, RLIN)
Topical term or geographic name as entry element BUILT ENVIRONMENT
942 ## - ADDED ENTRY ELEMENTS (KOHA)
Suppress in OPAC 0
Holdings
Withdrawn status Lost status Source of classification or shelving scheme Damaged status Not for loan Home library Current library Shelving location Date acquired Total Checkouts Full call number Barcode Date last seen Copy number Price effective from Koha item type
    Dewey Decimal Classification     London London News article 15/01/2003   WB3902-04 121020-1001 06/08/2019 1 06/08/2019 News article